| 000 | 00316nam a2200109Ia 4500 | ||
|---|---|---|---|
| 008 | 230907s9999||||xx |||||||||||||| ||und|| | ||
| 082 |
_a620.00151 _bBAN |
||
| 245 | 0 | _aMATLAB and its applications in engineering : (based on MATLAB 7.5 (R2007b) / | |
| 260 |
_aPearson, _bNoida : _c2018 |
||
| 300 | _a638 p. | ||
| 942 | _cBK | ||
| 999 |
_c600564 _d600564 |
||